| 000 | 00502pab a2200193 454500 | ||
|---|---|---|---|
| 008 | 180718b2009 xxu||||| |||| 00| 0 eng d | ||
| 100 | _aMillar, Jane | ||
| 245 | _aRelationships of care: working Lone mothers, their children and employment sustainability | ||
| 260 | _c2009 | ||
| 300 | _ap.103-21. | ||
| 362 | _aJan | ||
| 650 | _aEmployment | ||
| 650 | _aChildren | ||
| 650 | _aWorking mothers | ||
| 700 | _aRidge, Tess | ||
| 773 | _aJournal of Social Policy | ||
| 908 | _aN | ||
| 909 | _a82386 | ||
| 999 |
_c82386 _d82386 |
||